000 01401nam0a2200349 4500
001 RU\NLR\bibl\1232349
005 20250615114704.0
010 _a5-7851-0520-9
_d22-00
_9500
021 _aRU
_b2008-25588
_91406
035 _a(nilc)EL/0000014690
035 _a(NLR Aleph) 001218608
090 _a123871
_c123871
100 _a20050407d2004 |||y0rusy50 ca
101 0 _arus
102 _aRU
105 _aa |||||||||
200 1 _aМоя жизнь
_fН. С. Чувашев
210 _aЕкатеринбург
_aИрбит
_cБанк культурной информации
_cПечатный дом
_d2004
215 _a228, [1] с.
_cил.
_d20
225 1 _aМоя жизнь
_fобществ. редкол.: Г.Е. Корнилов (пред.) и др.
607 _aСССР
_jВоспоминания, записки и т.п.
_xИстория
_z1921 - 1956
_92404421
_3RU\NLR\auth\661433036
610 0 _aАвтобиографии
_aИстория Урала
_aЖители Урала
686 _a63.3(2Р36)
_vLBC/RL
_2rubbk
686 _aТ3(2)7,013
700 1 _aЧувашев
_bН. С.
_gНиколай Семенович
_4070
801 0 _aRU
_bСвердловская ОУНБ
_c20050407
_gPSBO
801 1 _aRU
_bСвердловская ОУНБ
_c20050407
801 2 _aRU
_bNLR
_c20080528
_grcr
830 _aавт. по кн.
942 _cBOOK
980 _aNB